Zach Galifianakis Movies Quiz Stats

 Plays Quiz Updated Apr 11, 2019

Score 0/31 Timer 06:00
0 Plays Today
Year Movie % Correct
2009The Hangover
98.8%
2013The Hangover Part III
92.4%
2010Due Date
73%
2017The Lego Batman Movie
65.4%
2012The Campaign
47.3%
2019Missing Link
35.5%
2011The Hangover 2
29.9%
2001Out Cold
26.1%
2016Masterminds
24.7%
2014Birdman or (The Unexpected Virtue of Ignorance)
24.4%
2010Dinner for Schmucks
23.2%
2016Keeping Up with the Joneses
20.8%
2011The Muppets
20%
2010It's Kind of a Funny Story
19%
2014Muppets Most Wanted
18.5%
2018A Wrinkle in Time
16.6%
Year Movie % Correct
2008What Happens in Vegas
10.8%
2009G-Force
9.6%
2009Up in the Air
9%
2009Youth in Revolt
8.8%
2001Bubble Boy
8.6%
2012Tim and Eric's Billion Dollar Movie
7.8%
2017Tulip Fever
7.5%
2013Are You Here
6.7%
2011Puss in Boots
6.3%
2007Into the Wild
5.5%
2008Visioneers
4.8%
2010Operation: Endgame
4.1%
2001Heartbreakers
4%
2001Corky Romano
3.7%
2002Below
3.5%

You're not logged in!

Compare scores with friends on all Sporcle quizzes.
OR
Log In

Sporcle TV

Today on Sporcle TV


Watch our educational content, quiz creation guides, and fun videos on Sporcle TV.

Show Comments

Extras

Top Quizzes Today


Score Distribution

Your Account Isn't Verified!

In order to create a playlist on Sporcle, you need to verify the email address you used during registration. Go to your Sporcle Settings to finish the process.

Report this User

Report this user for behavior that violates our Community Guidelines.

Details: